|
|
|
|
| LEADER |
00000nam a22000007a 4500 |
| 005 |
20220819224742.0 |
| 007 |
cr|||| ||| |
| 008 |
220819s2020 pe |||||s|||| 00||0 spa d |
| 020 |
|
|
|a 9786123251345
|
| 035 |
|
|
|a 36903
|
| 040 |
|
|
|a vLex
|
| 090 |
|
|
|c 13763
|d 13763
|
| 100 |
1 |
|
|a Porciello, Andrea
|
| 245 |
1 |
5 |
|a En los org̕enes del neoconstitucionalismo
|h [Recurso electrn̤ico] :
|b El antipositivismo de Lon. L. Fuller /
|c Andrea Porciello
|
| 256 |
|
|
|a Servicio en ln̕ea
|
| 260 |
|
|
|a Lima:
|b Palestra Editores,
|c 2020
|
| 300 |
|
|
|a 1 recurso electrn̤ico
|
| 500 |
|
|
|a Este volumen quiere ofrecer una contribucin̤ al redescubrimiento del pensamiento de Lon L. Fuller, quien, junto con Hart, protagoniz ̤uno de los debates iusfilosf̤icos ms̀ importantes del siglo XX. Los temas que Fuller consider ̤ms̀ significativos, y que se reseąn en este libro —la relacin̤ entre Derecho y moral, la validez de la ley injusta, la interpretacin̤ jurd̕ica—, han demostrado ser centrales en las obras de estudiosos (como Dworkin y Alexy) vinculados al antipositivismo y al neoconstitucionalismo. As,̕ la intencin̤ de la obra es ubicar a Fuller en las rac̕es del movimiento antipositivista contemporǹeo.
|
| 506 |
1 |
|
|a Disponible solo en los productos indicados
|d vLex Global
|d vLex Global (Academic Edition, excluding Law Schools)
|d vLex Global (U.S. Academic Edition, Law Schools)
|d vLex Global (U.S. Academic Edition, excluding Law Schools)
|d vLex Global (Academic Edition, Law Schools)
|
| 650 |
0 |
4 |
|a Derecho Militar
|z Per︢
|
| 650 |
0 |
4 |
|a Filosofa̕ y religin̤
|z Per︢
|
| 740 |
0 |
|
|a vLex Libros (Servicio en ln̕ea)
|
| 856 |
4 |
0 |
|u https://app.vlex.com/#/sources/36903
|z Acceso restringido
|
| 942 |
|
|
|c BOOK
|
| 999 |
0 |
|
|a Military Law
|
| 999 |
0 |
|
|a Philosophy and religion
|